000 01034nam a2200229 i 4500
001 181810
003 ES-MaACL
005 20250822143139.0
008 130327s1931 sp | |||| ||spa d
080 _a904(460.15 Ponteareas)Troña
100 1 _aPericot, Luis,
_d1899-1978
_991262
245 1 0 _aExcavaciones en la Citania de Troña
_b: memoria de las excavaciones realizadas en 1929-1930... /
_cpor Luis Pericot García y Florentino López Cuevillas.
260 _aMadrid :
_b[s.n.],
_c1931 (
_fTipografía de Archivos)
300 _a40 p., XV h. de lám. ;
_c24 cm.
490 1 _aJunta Superior de Excavaciones y Antigüedades ;
_vn. 115 = n. 4, 1930
651 _aCitania de Troña (Pontevedra, Yacimiento)
_9152542
700 1 _aCuevillas, Florentino L.,
_d1886-1958
_973524
710 2 _aEspaña.
_bJunta Superior de Excavaciones y Antigüedades.
_9152463
830 0 _aJunta Superior de Excavaciones y Antigüedades ;
_vn. 115 = n. 4, 1930
_9191570
852 _aES-MaACL
_jE-3379(2)
999 _c181810
_d181810